000 00402nam a22001097a 4500
082 _a100
100 _aसद्गुरू
_982038
245 _aकर्म
_bएक योगी के मार्गदर्शन में रचें अपना भाग्‍य
260 _aगुरूग्राम
_bपेंगुइन बुक्‍स
650 _aदर्शन
942 _cBK
999 _c66356
_d66356